[Event "Hamburg-chT Landesliga 1314"]
[Site "Hamburg"]
[Date "2014.04.12"]
[Round "8.7"]
[White "Jordt, Joachim"]
[Black "Jarnuczak, Detlev"]
[Result "1-0"]
[WhiteElo "2090"]
[BlackElo "2018"]
[PlyCount "89"]
[EventDate "2013.10.13"]
[EventType "team-tourn"]
[EventRounds "9"]
[EventCountry "GER"]
[SourceTitle "EXT 2022"]
[Source "ChessBase"]
[SourceDate "2021.10.06"]
[SourceVersion "1"]
[SourceVersionDate "2021.10.06"]
[SourceQuality "1"]
[WhiteTeam "Grosshansdorf"]
[BlackTeam "Eimsbuettel Union"]
[WhiteTeamCountry "GER"]
[BlackTeamCountry "GER"]

1. d4 d5 2. Nf3 Nf6 3. e3 e6 4. Bd3 c5 5. c3 Nc6 6. Nbd2 Bd6 7. dxc5 Bxc5 8. 0-0 0-0 9. e4 e5 10. exd5 Qxd5 11. Qe2 h6 12. Ne4 Be7 13. Rd1 Nd7 14. b4 Qe6 15. Ng3 Ncb8 16. Qe4 Nf6 17. Qxe5 Qxe5 18. Nxe5 Nc6 19. Nxc6 bxc6 20. Be3 Be6 21. Ne4 Nd5 22. Bd4 Nb6 23. Bc5 Bxc5 24. Nxc5 Bd5 25. Ba6 Rad8 26. a4 g5 27. a5 Nc4 28. Rd4 Nd6 29. Rad1 Nf5 30. R4d2 Ra8 31. Nd7 Rfd8 32. Nf6+ Kg7 33. Nxd5 cxd5 34. Rxd5 Rxd5 35. Rxd5 Kf6 36. g4 Nh4 37. Kf1 Re8 38. b5 h5 39. h3 hxg4 40. hxg4 Ng6 41. b6 Nf4 42. Rf5+ Kg6 43. bxa7 Ra8 44. Bb7 Rxa7 45. a6 1-0

[Event "Oberliga Nord N 0405"]
[Site "Germany"]
[Date "2004.12.12"]
[Round "4.6"]
[White "Jordt, Joachim"]
[Black "Kastek, Thomas"]
[Result "1/2-1/2"]
[WhiteElo "2191"]
[BlackElo "2223"]
[PlyCount "56"]
[EventDate "2004.10.24"]
[EventType "team-tourn"]
[EventRounds "9"]
[EventCountry "GER"]
[SourceTitle "EXT 2006"]
[Source "ChessBase"]
[SourceDate "2005.11.24"]
[SourceVersion "1"]
[SourceVersionDate "2005.11.24"]
[SourceQuality "1"]
[WhiteTeam "Grosshansdorf"]
[BlackTeam "Hamburger SK III"]
[WhiteTeamCountry "GER"]
[BlackTeamCountry "GER"]

1. d4 d5 2. c4 c6 3. Nc3 Nf6 4. e3 a6 5. Bd3 b5 6. b3 Bg4 7. Qc2 e6 8. Nge2 Bh5 9. 0-0 Be7 10. Bb2 Bg6 11. Nf4 0-0 12. Rfd1 Bxd3 13. Nxd3 Nbd7 14. Ne2 Bd6 15. Rac1 Qe7 16. Bc3 Rfb8 17. Be1 Ng4 18. h3 Nh6 19. c5 Bc7 20. f4 f6 21. Nb4 Qf7 22. Nxc6 Re8 23. Bc3 Kh8 24. Rf1 Nf8 25. Ba5 Bxa5 26. Nxa5 Nf5 27. Qd2 Ng6 28. Nc6 Ngh4 1/2-1/2

[Event "Oberliga Nord N 0304"]
[Site "Germany"]
[Date "2004.03.07"]
[Round "7.5"]
[White "Jordt, Joachim"]
[Black "Helms, Sven"]
[Result "1-0"]
[WhiteElo "2223"]
[BlackElo "2162"]
[PlyCount "75"]
[EventDate "2003.10.12"]
[EventType "team-tourn"]
[EventRounds "9"]
[EventCountry "GER"]
[SourceTitle "EXT 2005"]
[Source "ChessBase"]
[SourceDate "2004.11.15"]
[SourceVersion "1"]
[SourceVersionDate "2004.11.15"]
[SourceQuality "1"]
[WhiteTeam "Grosshansdorf"]
[BlackTeam "Schwerin"]
[WhiteTeamCountry "GER"]
[BlackTeamCountry "GER"]

1. d4 e6 2. c4 f5 3. g3 Nf6 4. Bg2 d5 5. Nh3 c6 6. Qc2 Be7 7. 0-0 0-0 8. Nd2 Kh8 9. b3 Ne4 10. Nf4 Qe8 11. Nf3 g5 12. Nd3 Nd7 13. Bb2 Rf6 14. Nfe5 Rh6 15. f3 Nxe5 16. Nxe5 Nd6 17. e4 Nf7 18. cxd5 cxd5 19. Rac1 Nxe5 20. dxe5 Bd7 21. exd5 Bb5 22. Rfd1 Bd8 23. d6 Bc6 24. Qf2 g4 25. f4 Bb6 26. Bd4 Bxg2 27. Qxg2 Qb5 28. Qf2 Bd8 29. Rc5 Qd7 30. Rdc1 Rg6 31. Qc2 Rg8 32. Rc8 Bb6 33. Rxg8+ Rxg8 34. Bxb6 axb6 35. a4 Rd8 36. Qc7 Kg8 37. Qxd7 Rxd7 38. Rc7 1-0

[Event "Oberliga Nord N 0304"]
[Site "Germany"]
[Date "2003.11.23"]
[Round "3.6"]
[White "Jordt, Joachim"]
[Black "Zornow, Thomas"]
[Result "0-1"]
[WhiteElo "2223"]
[BlackElo "2178"]
[PlyCount "114"]
[EventDate "2003.10.12"]
[EventType "team-tourn"]
[EventRounds "9"]
[EventCountry "GER"]
[SourceTitle "EXT 2005"]
[Source "ChessBase"]
[SourceDate "2004.11.15"]
[SourceVersion "1"]
[SourceVersionDate "2004.11.15"]
[SourceQuality "1"]
[WhiteTeam "Grosshansdorf"]
[BlackTeam "Neumuenster"]
[WhiteTeamCountry "GER"]
[BlackTeamCountry "GER"]

1. d4 Nf6 2. Nf3 e6 3. e3 d5 4. Bd3 c5 5. c3 Nc6 6. 0-0 Be7 7. Nbd2 0-0 8. dxc5 Bxc5 9. e4 Qc7 10. Qe2 Ng4 11. h3 Nge5 12. exd5 exd5 13. Nb3 Bd6 14. Nbd4 Nxd3 15. Qxd3 Ne5 16. Nxe5 Bxe5 17. Nf3 Be6 18. Be3 a6 19. Bd4 Bf4 20. a3 Rfe8 21. Rfe1 Qc4 22. Qc2 f6 23. Re2 Bf7 24. Rae1 Rxe2 25. Rxe2 Bg6 26. Qd1 Re8 27. Rxe8+ Bxe8 28. g3 Bd6 29. Kg2 Bg6 30. Nh4 Qd3 31. Qxd3 Bxd3 32. f4 Kf7 33. Kf2 Ke6 34. Nf3 h5 35. Bb6 Be4 36. Nd4+ Kd7 37. h4 Be7 38. Ke3 g5 39. hxg5 fxg5 40. Nf3 Bxf3 41. Kxf3 g4+ 42. Ke3 Ke6 43. a4 h4 44. gxh4 Bxh4 45. Bc7 Kf5 46. Be5 Bg3 47. Bb8 Bh2 48. Bd6 Bg1+ 49. Kd3 Bb6 50. Ke2 Ke4 51. b4 d4 52. a5 d3+ 53. Kd1 Be3 54. c4 g3 55. f5 g2 56. Bh2 Kxf5 57. b5 g1Q+ 0-1